Państwa według znanych miejsc #2 - Statystyki

Ogólne statystyki
  • Ten quiz został rozwiązany 98 razy
  • Średni wynik to 12 z 22
Statystyki odpowiedzi
Znane miejsce Państwo % Poprawnych
Wieża Eiffla Francja
100%
Brama Brandenburska Niemcy
95%
Wielki Kanion Stany Zjednoczone
94%
Stonehenge Wielka Brytania
89%
Partenon Grecja
85%
Góra Fudźi Japonia
85%
Sagrada Familia Hiszpania
76%
Panteon (oryginalny) Włochy
76%
Teotihuacán Meksyk
68%
Sognefjorden Norwegia
66%
Uluru Australia
52%
Mała Syrenka Dania
49%
Świątynia Luksorska Egipt
47%
Błękitny Meczet Turcja
46%
Persepolis Iran
44%
Salto Angel Wenezuela
38%
Świątynia Lotosu Indie
34%
Krakatau Indonezja
31%
Jezioro Moraine Kanada
17%
Wyspy Palmowe Zjednoczone Emiraty Arabskie
17%
Pałac Potala Chiny
9%
Merlion Singapur
1%
Nie znaleziono quizów pasujących do podanych kryteriów
Rozkład punktacji
Procent ludzi z każdym wynikiem
Percentyl według liczby udzielonych odpowiedzi
Twoja historia wyników
Nie rozwiązałeś tego quizu